LEADER 01097nam a2200253 i 4500 001 000000174444 003 CaOOAMICUS 005 20100428000000.0 008 100428s2006 it u000 u ita u 013 $a151920 020 $a88-89579-04-8 040 $aSeMil$bita 100 1 $aHösle, Vittorio <1960- >.$0(OLS)http://semarc/name/40548 245 13$aIl concetto di filosofia della religione in Hegel /$cVittorio Hösle. 260 $aNapoli :$bLa scuola di Pitagora,$ccopyr. 2006. 300 $a128 p. ;$c20 cm. 500 $aContiene : Bibliografia essenziale. 650 4$aHegel, Georg Wilhelm Friedrich <1770-1831> - Filosofia della religione.$0(OLS)http://semarc/subject/14383 850 $aSeMil 852 $aSeMil$W1$xVenegono$y1$m1528 1 2 *$j125282$B125282$CSeMilBibl$Z2$F136165 $81 961 $aAcquisto: Āncora (Libreria) 996 $6020$a88-89579-04-8$9(OLS)http://semarc/number/162333 996 $6245$aIl concetto di filosofia della religione in Hegel$9(OLS)http://semarc/title/250036 996 $6260$aNapoli :$bLa scuola di Pitagora$9(OLS)http://semarc/publisher/31246 LEADER 00905nam a2200217 i 4500 001 000000128005 003 CaOOAMICUS 005 20040709000000.0 008 040709s1935 it u000 u ita u 013 $a100722 040 $aSeMil$bita 100 1 $aFascie, Bartolomeo.$0(OLS)http://semarc/name/53267 245 10$aDel metodo educativo di Don Bosco :$bFonti e commenti /$cD. B. Fascie. 260 $aTorino [etc.] :$bSEI,$c1935. 300 $a114 p. ;$c20 cm. 650 4$aBosco, Giovanni - Pensiero pedagogico.$0(OLS)http://semarc/subject/2508 850 $aSeMil 852 $aSeMil$W1$xVenegono$y1$m54 49 4 *$j82244$B82244$CSeMilBibl$Z2$F88597 $81 961 $aAcquisto: Biblioteca Seminario Liceale 996 $6245$aDel metodo educativo di Don Bosco :$bFonti e commenti$9(OLS)http://semarc/title/189066 996 $6260$aTorino [etc.] :$bSEI$9(OLS)http://semarc/publisher/32375